000
00247nam a2200097Ia 4500
008
190216s9999||||xx |||||||||||||| ||und||
100
_a
James M Kolman
245
0
_a
Pekshikatha Sidhantham Sadaranakkarane
260
_b
Kerala Basha Inst
942
_c
BK
999
_c
37614
_d
37614